000 00545nam a2200217Ia 4500
003 OSt
005 20220928141602.0
006 a|||||r|||| 00| 0
007 ta
008 220927b |||||||| |||| 00| 0 eng d
024 _a16182
037 _cTextual
040 _aSDCL
_cSDCL
_beng
041 _2eng
_aeng
082 _aO142,3M18:g(V58), M0
100 _aRipp Victor
_9501071
245 0 _aTurgenev's Russia.
260 _c1980
942 _hO142,3M18:g(V58), M0
_cTEXL
_2CC
999 _c818536
_d818536